000 00994nam a2200313 i 4500
001 bg
100 1 _aGary, Romain
_d(1914-1980).
245 1 0 _aObietnica poranka /
_cRomain Gary ; przekł. Jerzy Pański.
246 1 _iTyt. oryg.:
_aPromesse de l'aube
260 _aKraków :
_b"Mediasat Poland",
_c[2004].
300 _a279, [1] s. ;
_c22 cm.
490 1 _aKolekcja Gazety Wyborczej : XX wiek ;
_v26
500 _aTyt. oryg.: "La promesse de l'aube, 1960. Na książce pseud., nazwa aut: Romain Kacew.
600 1 9 _aGary, Romain
_d(1914-1980)
650 9 _aPowieść francuska
_y20 w.
655 _abeletrystyka
700 1 _aPański, Jerzy
_d(1900-1979).
_eTł.
830 0 _aKolekcja Gazety Wyborczej ;
_v26
020 _a8389651750
020 _a8497897234
040 _cBPK
041 1 _apol
_hfre
044 _aPOL
080 _a821.133.1-3:929-052A/Z
920 _a83-89651-75-0
920 _a84-9789-723-4
942 _cKS
008 s pl f |000 0 pol
999 _c55663
_d55663